00700cam a2200193 a 450000100100000000500170001000800410002704000250006808200170009324501460011026000450025630000190030149000380032065000220035865000260038065000250040670000360043183000390046700000561220200929151725.0751204s1946 sp b 000 1 spa  aDO-SdBNPbspacBNPHU a863.3bV648h03aLa vida y hechos de Estebanillo González :bhombre de buen humor compuesta por él mismo /cEdición y notas de Juan Millé y Giménez. aMadrid, España :bEspasa-Calpe,c1946. a2 v. ;c20 cm.1 aClásicos castellanos ;v108/109 4aNovela española 4aLiteratura española 4aLiteratura picaresca1 aMillé y Giménez, Juan,eed. 0aClásicos Castellanos ;n108/ 109